| 000 | 00645nam a22001937a 4500 | ||
|---|---|---|---|
| 003 | OSt | ||
| 005 | 20180116183055.0 | ||
| 008 | 160907b xxu||||| |||| 00| 0 eng d | ||
| 020 | _a9780195797640 | ||
| 040 | _c0 | ||
| 082 | _a338.95 HUM 2002 | ||
| 100 | _aMahbub ul Haq Human Development Centre | ||
| 110 | _aMahbub ul Haq Human Development Centre | ||
| 245 |
_aHuman Development in South Asia 2001 _bGlobalisation and Human Development _cMahbub ul Haq Human Development Centre |
||
| 260 |
_aKarachi Pakistan _bOXFORD University Press _c2002 |
||
| 300 |
_a180 p. _bPB |
||
| 440 | _aHuman Development in South Asia 2001 | ||
| 942 |
_2ddc _cBK |
||
| 999 |
_c351793 _d351793 |
||